| 000 | 01699nam a2200289 4500 | ||
|---|---|---|---|
| 003 | SEM | ||
| 999 |
_c67387 _d67387 |
||
| 005 | 20220608073912.0 | ||
| 008 | 171011b xxu||||| |||| 00| 0 rus d | ||
| 020 | _a9785890763273 | ||
| 040 |
_aSEM _cSEM |
||
| 041 | 0 | _arus. | |
| 080 | _a947.925(084.1)/А-83 | ||
| 245 | 0 | 4 |
_aАрмения. Легенды бытия. _bСтрана, излучающая все круги истории. [Каталог]. / _cФото.: В. Л. Акопян; Отв. ред.: Е. В. Даниличева; Ред.: И. Ю. Волченкова, М. А. Наумова; Министерство культуры Российской Федерации; Министерство культуры Республики Армения; Государственный исторический музей; Музей истории Армении |
| 260 |
_aМосква: _bГосударственный исторический музей, _c2016. |
||
| 300 |
_a283 с.; _bилл.; _c29 см. |
||
| 504 | _aПрин. сокр., лит. - с.: 282-283. | ||
| 650 |
_aИстория Армении _xальбом |
||
| 700 | 1 |
_aАкопян В. Л. _4фото. _ephoto |
|
| 700 | 1 |
_aДаниличева Е. В. _4отв. ред. _eedt. |
|
| 700 | 1 |
_aВолченкова И. Ю. _4ред. _eedt. |
|
| 700 | 1 |
_aНаумова М. А. _4ред. _eedt. |
|
| 710 | 2 | _aМинистерство культуры Российской Федерации | |
| 710 | 2 | _aМинистерство культуры Республики Армения | |
| 710 | 2 | _aГосударственный исторический музей | |
| 710 | 2 | _aМузей истории Армении | |
| 942 |
_2udc _cBK |
||